Представление документа в формате RUSMARC

ПолеНазваниеЗначение
  Тип записи a
  Библиографический уровень m
001 Контрольный номер RU/IS/BASE/602183773
005 Дата корректировки 20240130235022.2
010 Индекс ISBN __
9 Тираж 400 экз.
013 Номер (ISMN) __
a Номер (ISMN) 979-0-706380-54-4
d Цена 579 р.
071 Издательские номер (звукозапись и ноты) 21
a Номер, присвоенный агентством 15899
100 Данные общей обработки __
a Данные общей обработки 20190130d2014 u y0rusy0189||||ca
101 Язык документа 0_
a Язык текста rus
f Язык титульного листа rus
102 Страна публикации __
a Страна публикации RU
105 Кодированные данные (монография) __
a Кодированные данные (монография) y###||||000|y
125 Кодированные данные звукозаписи и нотных изданий __
a Форма изложения нотного текста с|
128 Кодированные данные (звукозаписи-физические характеристики) __
a Кодированные данные: Музыкальная форма и тональность или лад chs
b Инструменты или голоса, необходимые для ансамблей (устаревшее) cu||
c Инструменты или голоса, рекомендуемые для солистов (устаревшее) vu||
200 Заглавие и сведения об ответственности 1_
a Заглавие Вып. 2
b Общее обозначение материала Ноты
e Сведения, относящиеся к заглавию песни и хоры для уч-ся сред. кл.
e Сведения, относящиеся к заглавию [для пения (соло, ансамбль, хор) с сопровожд. и без сопровожд. фп.]
f Первые сведения об ответственности сост. Л. И. Уколова и М. С. Осеннева
210 Выходные данные 1_
d Дата издания 2014
215 Физическое описание __
a Объем 120 с.
300 Общие примечания __
a Общие примечания С метод. рекомендациями сост.
327 Примечание о содержании 11
a Примечание о содержании Содерж. : Раздел 1 : Народные песни : Комарочек : рус. / обраб. А. Абрамского. - Лен зеленой : рус. / обраб. И. Пономарькова. - Не летай, соловей ; Я посеяла ленку : рус. / обраб. В. Попова. - Ночная богомолица : старин. дет. песенка / сл. М. Круглова. - Христос воскрес : старин. дет. песенка / сл. М. Розенгейма. - Солнышко вставало : литов. / обраб. С. Шимкуса ; рус. текст А. Машистова. - Пер-музыкант : норв. / обраб. неизв. авт. ; пер. О. Фадеевой. - Путь в горах : болг. / обраб. А. Животова ; пер. С. Болотина. - Анечка-молодичка : чеш. / обраб. Р. Габичвадзе ; рус. текст И. Мазнина. - Тки, дочка : нем. / обраб. В. Самарина ; пер. С. Северцева. - Четыре таракана и сверчок : итал. / обраб. А. Долуханяна ; рус. текст Ю. Батицкого и Р. Виккерса. - Раздел 2 : Произведения композиторов-классиков : Бортнянский Д. Тебе поем. - Глинка М. Венецианская ночь / сл. И. Козлова. - Чайковский П. Легенда / сл. А. Плещеева ; Весна / сл. А. Плещеева ; обраб. для хора Вл. Соколова. - Танеев С. Сосна / сл. М. Лермонтова. - Гречанинов А. Призыв весны / сл. нар. - Глиэр Р. Вечер / сл. А. Плещеева. - Каччини Дж. Ave Maria. - Моцарт В. А. Послушай, как звуки хрустально чисты : хор из оперы "Волшебная флейта" / рус. текст А. Лейкиной. - Вебер К. М. Хор охотников из оперы "Вольный стрелок" / перелож. для дет. хора И. Пономарькова. - Бизе Ж. Хор мальчишек из оперы "Кармен" / рус. текст А. Горчаковой. - Шопен Ф. Желание / сл. С. Витвицкого ; пер. неизв. авт. - Григ Э. Лесная песнь / сл. Кр. Винтера ; рус. текст А. Ефременкова ; перелож. для хора В. Попова. - Раздел 3 : Произведения современных композиторов : Чичков Ю. Россия, Россия... / сл. Ю. Разумовского. - Комраков Г. Вечный огонь / сл. В. Рябцева. - Серебренников В. Давайте сохраним / сл. Н. Старшинова. - Баснер В. Там, за рекою / сл. В. Суслова. - Залесский В. Яуза / сл. Э. Чуриловой. - Дубравин Я. Огонек добра ; Гаврош / сл. В. Суслова. - Крылатов Е. Три белых коня / сл. Л. Дербенева. - Паулс Р. Мальчик и сверчок : колыбельная / сл. Н. Королевой. - Синенко В. Колыбельная / сл. М. Садовского. - Савичева Н. По весенней воде / сл. Ю. Кушака. - Печерский Б. Капельки / сл. М. Райкина. - Зацепин А. Ты слышишь, море! / сл. М. Пляцковского ; перелож. для хора В. Попова. - Петров А. Зов синевы / сл. Т. Харрисона ; рус. текст Т. Калининой ; Песенка о дружбе / сл. Т. Калининой. - Пожлаков С. Розовый слон / сл. Г. Горбовского. - Тугаринов Ю. Что снится моржу / сл. Б. Заходера. - Хромушин О. Тик и Так / сл. Я. Пишумова. - Самарин В. Муравей / сл. Р. Сефа ; Когда тебя родная мать... ; Возьми густой вишневый сок : из цикла "Несколько вредных советов" / сл. Г. Остера. - Славкин М. Нотная песенка / сл. Е. Григорьевой. - Минков М. Дорога Добра / сл. Ю. Энтина. - Калныньш А. Музыка / сл. В. Пурвса ; рус. текст О. Улитиной.
461 Уровень набора _0
1 001RU/УОНБ/EK_N/591630552
1 200
a Музыка в школе
b Ноты
v Вып. 2
1 210
a М.
c Музыка
d 2013 -
464 Аналитический уровень _0
1 2001
a Комарочек
e Жил на свете комарочек, эх...
e рус.
1 702 1
a Абрамский
b А.
4 030
464 Аналитический уровень _0
1 2001
a Лен зеленой
e Лен зеленой при горе при крутой...
e рус.
1 702 1
a Пономарьков
b И.
4 030
464 Аналитический уровень _0
1 2001
a Не летай, соловей
e Не летай, не летай соловей...
e рус.
1 702 1
a Попов
b В.
4 030
464 Аналитический уровень _0
1 2001
a Ночная богомолица
e Вышел месяц ясный...
e старин. дет. песенка
1 702 1
a Круглов
b М.
4 520
464 Аналитический уровень _0
1 2001
a Христос воскрес
e Повсюду благовест гудит...
e старин. дет. песенка
1 702 1
a Розенгейм
b М.
4 520
464 Аналитический уровень _0
1 2001
a Солнышко вставало
e Солнышко вставало...
e литов.
1 702 1
a Шимкус
b С.
4 030
1 702 1
a Машистов
b А.
4 730
464 Аналитический уровень _0
1 2001
a Пер-музыкант
e Наш Пер-музыкант был не очень богат...
e норв.
1 702 1
a Обработка неизвестного автора
4 030
1 702 1
a Фадеева
b О.
4 730
464 Аналитический уровень _0
1 2001
a Путь в горах
e Труден путь в горах...
e болг.
1 702 1
a Животов
b А.
4 030
1 702 1
a Болотин
b С.
4 730
464 Аналитический уровень _0
1 2001
a Анечка-молодичка
e Анечка-молодичка...
e чеш.
1 702 1
a Габичвадзе
b Р.
4 030
1 702 1
a Мазнин
b И.
4 730
464 Аналитический уровень _0
1 2001
a Тки, дочка
e Тки, дочка, не будь упряма, обновку куплю!..
e нем.
1 702 1
a Самарин
b В.
4 030
1 702 1
a Северцев
b С.
4 730
464 Аналитический уровень _0
1 2001
a Четыре таракана и сверчок
e У дедушки за печкою компания сидит...
e итал.
1 702 1
a Долуханян
b А.
4 030
1 702 1
a Батицкий
b Ю.
4 730
1 702 1
a Виккерс
b Р.
4 730
464 Аналитический уровень _0
1 2001
a Тебе поем
e Тебе поем...
e из Литургии св. Иоанна Златоуста
1 700 1
a Бортнянский
b Д.
464 Аналитический уровень _0
1 2001
a Венецианская ночь
e Ночь весенняя дышала светло-южною красой...
1 700 1
a Глинка
b М.
1 702 1
a Козлов
b И.
4 520
464 Аналитический уровень _0
1 2001
a Легенда
e Был у Христа-младенца сад...
1 700 1
a Чайковский
b П.
1 702 1
a Плещеев
b А.
4 520
464 Аналитический уровень _0
1 2001
a Сосна
e На севере диком стоит одиноко на голой вершине сосна...
1 700 1
a Танеев
b С.
1 702 1
a Лермонтов
b М.
4 520
464 Аналитический уровень _0
1 2001
a Призыв весны
e Весна, весна красная!..
1 700 1
a Гречанинов
b А.
1 702 1
a Слова народные
4 520
464 Аналитический уровень _0
1 2001
a Вечер
e Бледно-розовой полоской зорька гаснет за горой...
1 700 1
a Глиэр
b Р.
1 702 1
a Плещеев
b А.
4 520
464 Аналитический уровень _0
1 2001
a Ave Maria
e Ave Maria...
1 700 1
a Каччини
b Дж.
464 Аналитический уровень _0
1 2001
a Послушай, как звуки хрустально чисты
e Послушай, как звуки хрустально чисты...
e хор из оперы "Волшебная флейта"
1 700 1
a Моцарт
b В. А.
1 702 1
a Лейкина
b А.
4 730
1 50010
a Волшебная флейта
464 Аналитический уровень _0
1 2001
a Хор охотников
e Что лучше охоты?..
e из оперы "Вольный стрелок"
1 700 1
a Вебер
b К. М.
1 702 1
a Пономарьков
b И.
4 030
1 50010
a Вольный стрелок
464 Аналитический уровень _0
1 2001
a Хор мальчишек
e Вместе с сменой караула...
e из оперы "Кармен"
1 700 1
a Бизе
b Ж.
1 702 1
a Горчакова
b А.
4 730
1 50010
a Кармен
464 Аналитический уровень _0
1 2001
a Желание
e Если б я солнышком на небе сияла...
1 700 1
a Шопен
b Ф.
1 702 1
a Витвицкий
b С.
4 520
1 702 1
a Перевод неизвестного автора
4 730
464 Аналитический уровень _0
1 2001
a Лесная песнь
e Ютясь в тени густых ветвей...
1 700 1
a Григ
b Э.
1 702 1
a Винтер
b Кр.
4 520
1 702 1
a Ефременков
b А.
4 730
1 702 1
a Попов
b В.
4 030
464 Аналитический уровень _0
1 2001
a Россия, Россия...
e Россия, Россия...
1 700 1
a Чичков
b Ю.
1 702 1
a Разумовский
b Ю.
4 520
464 Аналитический уровень _0
1 2001
a Вечный огонь
e Не спеши, приумолкни...
1 700 1
a Комраков
b Г.
1 702 1
a Рябцев
b В.
4 520
464 Аналитический уровень _0
1 2001
a Давайте сохраним
e Нам жить в одной семье...
1 700 1
a Серебренников
b В.
1 702 1
a Старшинов
b Н.
4 520
464 Аналитический уровень _0
1 2001
a Там, за рекою
e Шел в степи отряд кавалеристов...
e из кф. "Армия Трясогузки снова в бою"
1 700 1
a Баснер
b В.
1 702 1
a Суслов
b В.
4 520
1 50010
a Армия Трясогузки снова в бою
464 Аналитический уровень _0
1 2001
a Яуза
e С северо-востока Подмосковья...
1 700 1
a Залесский
b В.
1 702 1
a Чурилова
b Э.
4 520
464 Аналитический уровень _0
1 2001
a Огонек добра
e Есть и солнце, и ненастье...
1 700 1
a Дубравин
b Я.
1 702 1
a Суслов
b В.
4 520
464 Аналитический уровень _0
1 2001
a Три белых коня
e Остыли реки, и земля остыла...
e из тф. "Чародеи"
1 700 1
a Крылатов
b Е.
1 702 1
a Дербенев
b Л.
4 520
1 50010
a Чародеи
464 Аналитический уровень _0
1 2001
a Мальчик и сверчок
e Скрипнул сверчок за печкою...
e колыбельная
1 700 1
a Паулс
b Р.
1 702 1
a Королева
b Н.
4 520
464 Аналитический уровень _0
1 2001
a Колыбельная
e Ночь пришла без опозданья...
1 700 1
a Синенко
b В.
1 702 1
a Садовский
b М.
4 520
464 Аналитический уровень _0
1 2001
a По весенней воде
e Мелькнул бумажный парус...
1 700 1
a Савичева
b Н.
1 702 1
a Кушак
b Ю.
4 520
464 Аналитический уровень _0
1 2001
a Капельки
e Начал дождик плясовую...
1 700 1
a Печерский
b Б.
1 702 1
a Райкин
b М.
4 520
464 Аналитический уровень _0
1 2001
a Ты слышишь, море!
e Цепи якорей гремят в порту...
e из кф. "Свистать всех наверх"
1 700 1
a Зацепин
b А.
1 702 1
a Пляцковский
b М.
4 520
1 702 1
a Попов
b В.
4 030
1 50010
a Свистать всех наверх
464 Аналитический уровень _0
1 2001
a Зов синевы
e По дороге, полюбившей нас...
e из кф. "Синяя птица"
1 700 1
a Петров
b А.
1 702 1
a Харрисон
b Т.
4 520
1 702 1
a Калинина
b Т.
4 730
1 50010
a Синяя птица
464 Аналитический уровень _0
1 2001
a Розовый слон
e Где баобабы вышли на склон...
1 700 1
a Пожлаков
b С.
1 702 1
a Горбовский
b Г.
4 520
464 Аналитический уровень _0
1 2001
a Что снится моржу
e Что может, ребята, присниться моржу?..
1 700 1
a Тугаринов
b Ю.
1 702 1
a Заходер
b Б.
4 520
464 Аналитический уровень _0
1 2001
a Тик и Так
e А в часах живут два брата...
1 700 1
a Хромушин
b О.
1 702 1
a Пишумов
b Я.
4 520
464 Аналитический уровень _0
1 2001
a Муравей
e Полз по арбузу муравей...
1 700 1
a Самарин
b В.
1 702 1
a Сеф
b Р.
4 520
464 Аналитический уровень _0
1 2001
a Нотная песенка
e Зазвучали ноты: МИ, РЕ, МИ, РЕ...
1 700 1
a Славкин
b М.
1 702 1
a Григорьева
b Е.
4 520
464 Аналитический уровень _0
1 2001
a Дорога Добра
e Спроси у жизни строгой...
1 700 1
a Минков
b М.
1 702 1
a Энтин
b Ю.
4 520
464 Аналитический уровень _0
1 2001
a Музыка
e В сердце нашем будешь навеки...
1 700 1
a Калныньш
b А.
1 702 1
a Пурвс
b В.
4 520
1 702 1
a Улитина
b О.
4 730
464 Аналитический уровень _0
1 2001
a Я посеяла ленку
e Я посеяла ленку...
e рус.
1 702 1
a Попов
b В.
4 030
464 Аналитический уровень _0
1 2001
a Весна
e Травка зеленеет, солнышко блестит...
1 700 1
a Чайковский
b П.
1 702 1
a Плещеев
b А.
4 520
1 702 1
a Соколов
b Вл.
4 030
464 Аналитический уровень _0
1 2001
a Гаврош
e Плывет над Сеною туман и сыплет мелкий дождь...
e из цикла "Песни героев любимых книг"
1 700 1
a Дубравин
b Я.
1 702 1
a Суслов
b В.
4 520
1 50010
a Песни героев любимых книг
464 Аналитический уровень _0
1 2001
a Песенка о дружбе
e Пусть кругом ночная тишина...
1 700 1
a Петров
b А.
1 702 1
a Калинина
b Т.
4 520
464 Аналитический уровень _0
1 2001
a Когда тебя родная мать...
e Когда тебя родная мать...
e из цикла "Несколько вредных советов"
1 700 1
a Самарин
b В.
1 702 1
a Остер
b Г.
4 520
1 50010
a Несколько вредных советов
464 Аналитический уровень _0
1 2001
a Возьми густой вишневый сок
e Возьми густой вишневый сок...
e из цикла "Несколько вредных советов"
1 700 1
a Самарин
b В.
1 702 1
a Остер
b Г.
4 520
1 50010
a Несколько вредных советов
512 Заглавие обложки 1_
a Заглавие обложки Музыка в школе
606 Тематические рубрики 0_
a Основная рубрика Детские песни
x Основная подрубрика Песни и хоры
x Основная подрубрика Учебные пособия
610 Ключевые слова 0_
a Ключевые слова музыка в школе
610 Ключевые слова 0_
a Ключевые слова учебные пособия
610 Ключевые слова 0_
a Ключевые слова песни и хоры детские
686 Индексы других классификаций __
a Классификационный индекс 85.98я72
2 Код системы rubbk
702 Вторичная интеллектуальная ответственность _1
a Фамилия Уколова
b Имя (инициалы) Л. И.
4 Код отношения 220
702 Вторичная интеллектуальная ответственность _1
a Фамилия Осеннева
b Имя (инициалы) М. С.
4 Код отношения 220
801 Источник записи _0
a Страна RU
b Организация Ульяновская ОНБ
c Дата составления 20190130
g Правила каталогизации RCR
801 Источник записи _1
a Страна RU
b Организация Ульяновская ОНБ
c Дата составления 20190130
g Правила каталогизации RCR
901 Тип документа __
t Тип документа n
w Контрольный № источника RU/УОНБ/EK_N/591630552
909 Создатель записи __
a Создатель записи Грязнова И. Е.
938 Служебная информация __
a Имя БД noti
b Имя библиотеки УОНБ
c Имя АИБС МАРК-SQL
d Номер DOC_ID в БД 19932